[Event "Koblenz-ch"]
[Site "Koblenz"]
[Date "2004.11.16"]
[Round "7"]
[White "Maslov, Vjacheslav"]
[Black "Raschke, Jochen"]
[Result "0-1"]
[WhiteElo "1544"]
[BlackElo "1874"]
[PlyCount "88"]
[EventDate "2004.09.21"]
[EventType "swiss"]
[EventRounds "7"]
[EventCountry "GER"]
[SourceTitle "EXT 2005"]
[Source "ChessBase"]
[SourceDate "2004.11.15"]
[SourceVersion "1"]
[SourceVersionDate "2004.11.15"]
[SourceQuality "1"]

1. Nf3 d5 2. Nc3 Nf6 3. d3 e6 4. Bf4 c6 5. Bxb8 Rxb8 6. a3 c5 7. Qd2 b5 8. Ne5 Qc7 9. Nf3 Bd7 10. e4 b4 11. axb4 cxb4 12. Na4 dxe4 13. Ng5 exd3 14. Bxd3 h6 15. Ne4 Be7 16. b3 Nxe4 17. Bxe4 Bf6 18. 0-0 Bxa1 19. Rxa1 0-0 20. Qe3 Rfc8 21. Bd3 Bb5 22. Rc1 Bxd3 23. Qxd3 Rd8 24. Qe2 Rd5 25. Nb2 Rbd8 26. Nc4 Qd7 27. h3 Qc7 28. g3 Qc5 29. Ra1 Qc7 30. Kg2 Qb7 31. Kh2 Rd4 32. Qe1 Rc8 33. Qe3 Rdxc4 34. bxc4 Rxc4 35. Rxa7 Qc6 36. Qd3 Rxc2 37. Qd8+ Kh7 38. Qd3+ f5 39. Qe3 Rc1 40. g4 Qh1+ 41. Kg3 Rc3 42. Ra3 Rxe3+ 43. Rxe3 Qd5 44. gxf5 exf5 0-1

[Event "Koblenz-ch"]
[Site "Koblenz"]
[Date "2004.11.09"]
[Round "6"]
[White "Sturm, Sebastian"]
[Black "Maslov, Vjacheslav"]
[Result "1/2-1/2"]
[WhiteElo "1742"]
[BlackElo "1544"]
[PlyCount "143"]
[EventDate "2004.09.21"]
[EventType "swiss"]
[EventRounds "7"]
[EventCountry "GER"]
[SourceTitle "EXT 2005"]
[Source "ChessBase"]
[SourceDate "2004.11.15"]
[SourceVersion "1"]
[SourceVersionDate "2004.11.15"]
[SourceQuality "1"]

1. e4 c5 2. Nf3 d6 3. d4 cxd4 4. Nxd4 Nf6 5. Nc3 a6 6. Be2 Nc6 7. Bg5 Qb6 8. Bxf6 exf6 9. Nb3 Be6 10. 0-0 Be7 11. Nd5 Bxd5 12. Qxd5 0-0 13. Bg4 Rfd8 14. c3 Rab8 15. Rfd1 Ne5 16. Bh3 Ng6 17. g3 Ne5 18. Rab1 Qc6 19. Na5 Qxd5 20. Rxd5 b6 21. Nb3 Rb7 22. Nd4 Rc7 23. Nf5 Kf8 24. Rbd1 Rc5 25. Bf1 Rxd5 26. Rxd5 a5 27. Rb5 Rb8 28. Nd4 Nd7 29. Nc6 Rc8 30. Nd4 Rc5 31. Rb3 Bd8 32. Bb5 Nb8 33. Bd3 g6 34. Rb5 Rxb5 35. Bxb5 Ke7 36. Kg2 Bc7 37. f4 Nd7 38. Nc6+ Kf8 39. Kf3 Nc5 40. Ke3 h5 41. Kd4 Ne6+ 42. Kd5 Ng7 43. Nd4 Ke7 44. Kc6 Kd8 45. Bc4 g5 46. Bxf7 gxf4 47. gxf4 d5 48. exd5 Bxf4 49. h3 Bc1 50. b3 Bd2 51. c4 Be3 52. Ne6+ Nxe6 53. dxe6 h4 54. Kb5 Ke7 55. a3 f5 56. b4 axb4 57. Kxb4 f4 58. Kc3 f3 59. Kd3 Bc5 60. a4 Kf6 61. Kd2 Kg5 62. e7 Bxe7 63. Ke3 f2 64. Kxf2 Kf4 65. Be6 Bc5+ 66. Ke2 Ke4 67. Kd2 Kd4 68. Kc2 Ke5 69. Bg4 Kd6 70. Kd3 Bf2 71. Ke4 Kc5 72. Kd3 1/2-1/2

[Event "Koblenz-ch"]
[Site "Koblenz"]
[Date "2004.10.19"]
[Round "4"]
[White "Ries, Norbert"]
[Black "Maslov, Vjacheslav"]
[Result "1-0"]
[WhiteElo "1864"]
[BlackElo "1544"]
[PlyCount "57"]
[EventDate "2004.09.21"]
[EventType "swiss"]
[EventRounds "7"]
[EventCountry "GER"]
[SourceTitle "EXT 2005"]
[Source "ChessBase"]
[SourceDate "2004.11.15"]
[SourceVersion "1"]
[SourceVersionDate "2004.11.15"]
[SourceQuality "1"]

1. Nf3 c5 2. c4 Nc6 3. Nc3 d6 4. g3 Nf6 5. Bg2 Bd7 6. 0-0 Qc8 7. Re1 Bh3 8. Bh1 a6 9. d4 cxd4 10. Nxd4 Bd7 11. Nd5 Nxd5 12. cxd5 Ne5 13. Bf4 Ng6 14. Rc1 Qd8 15. Be3 h5 16. Qb3 Bc8 17. Ne6 fxe6 18. dxe6 Bxe6 19. Qxe6 Ne5 20. Bxb7 Rb8 21. Bxa6 Qa5 22. Bd3 h4 23. b4 Qa8 24. Bb5+ Kd8 25. a4 h3 26. f3 Qb7 27. Red1 g6 28. Rxd6+ exd6 29. Qe8# 1-0

[Event "Koblenz-ch"]
[Site "Koblenz"]
[Date "2004.10.05"]
[Round "3"]
[White "Maslov, Vjacheslav"]
[Black "Saam, Armin"]
[Result "1/2-1/2"]
[WhiteElo "1544"]
[BlackElo "1646"]
[PlyCount "66"]
[EventDate "2004.09.21"]
[EventType "swiss"]
[EventRounds "7"]
[EventCountry "GER"]
[SourceTitle "EXT 2005"]
[Source "ChessBase"]
[SourceDate "2004.11.15"]
[SourceVersion "1"]
[SourceVersionDate "2004.11.15"]
[SourceQuality "1"]

1. e4 e5 2. Nf3 Nc6 3. Bb5 a6 4. Bxc6 dxc6 5. 0-0 Bd6 6. h3 Nf6 7. d4 Nxe4 8. Qe2 f5 9. dxe5 Bc5 10. Be3 Bxe3 11. Qxe3 0-0 12. Nc3 Nxc3 13. Qxc3 Be6 14. Rad1 Qe7 15. Nd4 Bd5 16. Rfe1 Rad8 17. Nf3 b6 18. b3 Be4 19. Nd2 Bd5 20. Qe3 c5 21. c4 Bb7 22. Nb1 Rxd1 23. Rxd1 Qh4 24. f4 g5 25. Rf1 g4 26. Nc3 Rd8 27. e6 Re8 28. Nd5 gxh3 29. gxh3 Kf8 30. Re1 Rxe6 31. Qxe6 Qg3+ 32. Kf1 Qf3+ 33. Kg1 Qg3+ 1/2-1/2